わかさぎ姫の命を懸けた寿司ネタ100本勝負に出てくる寿司ネタ - Statistics

General Stats
  • This quiz has been taken 86 times
  • The average score is 30 of 100
Answer Stats
Hint Answer % Correct
2 いくら
87%
6 サーモン
87%
31 おおとろ
81%
8 いか
80%
13 えんがわ
73%
9 たまご
70%
10 中トロ
70%
15 ぶり
67%
23 うに
63%
29 タコ
63%
1 トロ
61%
89 かっぱ巻き
61%
30 あなご
59%
98 ハンバーグ
59%
11 ハマチ
54%
20 アジ
54%
51 ひらめ
54%
100 わかさぎ
54%
16 イワシ
53%
17 甘エビ
53%
22 うなぎ
51%
87 鉄火巻き
51%
7 とろサーモン
49%
39 カレイ
46%
12 かんぱち
44%
18 かつお
43%
4 コハダ
40%
3 〆サバ
39%
27 あかがい
37%
58 キンメダイ
34%
26 アワビ
33%
75 スズキ
33%
96 ガリ
33%
35 サンマ
31%
53 サザエ
31%
92
31%
93
31%
81 ネギトロ軍艦
30%
90 ナス
30%
5 ビントロ
29%
25 つぶ貝
26%
40 数の子
26%
63 ハタハタ
26%
74 キス
24%
95 わさび
24%
99 天ぷら
24%
34 ミル貝
23%
48 フグ
23%
50 アンコウ
23%
88 干瓢巻き
23%
37 ホタテの貝柱
21%
47 カキ
21%
73 スルメイカ
20%
24 サワラ
19%
32 ゲソ
19%
36 たちうお
19%
38 アユ
19%
41 カジキ
19%
46 イワナ
19%
55 ニシン
19%
76 キビナゴ
19%
77 ゴンズイ
19%
94
19%
14 アオリイカ
17%
19 やりいか
17%
21 しゃこ
17%
33 カサゴ
17%
45 ほっけ
17%
49 | 69 オコゼ
16%
64 八角
16%
43 シマアジ
14%
85 生しらす
14%
86 桜エビ
14%
44 ずわい蟹
13%
57 石鯛
13%
60 サヨリ
13%
80 タカベ
13%
28 | 59 コチ
11%
52 クエ
11%
54 アイナメ
11%
65 ササガレイ
11%
72 銀鮭
11%
78 イサキ
11%
66 アラ
10%
67 かすべ
10%
79 キジハタ
10%
91 ウド
10%
62 カマス
9%
68 ソデイカ
9%
84 八目鰻
9%
97 豚カルビ
9%
42 しらうお
7%
56 エゾボラ
7%
71 ホヤ
7%
82 イラ
7%
83 銀鮫
7%
61 イシナギ
6%
70 チヌ
6%
No matching quizzes found
Score Distribution
Percent of People with Each Score
Percentile by Number Answered
Your Score History
You have not taken this quiz